|
|
|
|
| LEADER |
00000cam a2200000 a 4500 |
| 005 |
20141107133616.0 |
| 007 |
cr|||| |||| |
| 008 |
130610s2013 spc 000 0 spa c |
| 020 |
|
|
|a 9788494130403
|
| 035 |
|
|
|a 11710
|
| 040 |
|
|
|a vLex
|
| 043 |
|
|
|a e-sp---
|
| 080 |
|
|
|a 336.22:352(460)
|
| 090 |
|
|
|c 5284
|d 5284
|
| 100 |
1 |
|
|a Cepa Dueąs, Antonio
|
| 245 |
1 |
0 |
|a Sistema tributario local
|h [Recurso electrn̤ico] /
|c Eduardo Berch ̌Moreno, director y coordinador ; autores: Antonio Cepa Dueąs, Carlos Tejedor Ruiz
|
| 256 |
|
|
|a Servicio en ln̕ea
|
| 260 |
|
|
|a Barcelona :
|b J.M. Bosch,
|c 2013
|
| 300 |
|
|
|a 1 recurso electrn̤ico
|
| 490 |
1 |
|
|a Bosch tributario
|
| 506 |
1 |
|
|a Contenido solo disponible en los productos indicados
|d vLex Global
|d vLex Global (Academic Edition, excluding Law Schools)
|d vLex Global (U.S. Academic Edition, Law Schools)
|d vLex Global (U.S. Academic Edition, excluding Law Schools)
|d vLex Global (Academic Edition, Law Schools)
|
| 650 |
0 |
4 |
|a Impuestos locales
|z Espaą
|
| 650 |
0 |
4 |
|a Autonomia municipal
|z Espaą
|
| 700 |
1 |
|
|a Tejedor Ruiz, Carlos
|
| 700 |
1 |
|
|a Berch ̌Moreno, Eduardo,
|e dir.
|
| 740 |
0 |
|
|a vLex Libros (Servicio en ln̕ea)
|
| 830 |
|
0 |
|a Bosch tributario
|
| 856 |
4 |
1 |
|z Acceso restringido
|u http://vlex.com/source/sistema-tributario-local-11710
|
| 942 |
|
|
|c BOOK
|
| 999 |
0 |
|
|a Local taxation
|
| 999 |
0 |
|
|a Municipal home rule
|